East across the Pacific ; historical & sociological studies of Japanese immigration & assimilation /

Bibliographic Details
Main Author: Conroy, Hilary, 1919-2015
Other Authors: Miyakawa, Tetsuo Scott
Format: Book
Language:English
Published: Santa Barbara, Calif. : American Bibliographical Center-Clio Press, [1972]
Subjects:

MARC

Tag First Indicator Second Indicator Subfields
LEADER 00000cam a2200000 4500
001 in00000242574
005 20151010050956.0
008 721227s1972 caua 00110 eng
010 |a  72077825  
020 |a 0874360862 
020 |a 0874360870 (pbk.) 
035 |a (OCoLC)00539876 
035 |9 ABB3422AM 
040 |a DLC  |c DLC  |d TXA  |d UtOrBLW 
043 |a n-us---  |a a-ja--- 
049 |a TXAM  |c [1026005] 
050 0 0 |a E184.J3  |b C66 1972 
082 0 |a 301.45/19/56073 
100 1 |a Conroy, Hilary,  |d 1919-2015. 
245 1 0 |a East across the Pacific ;  |b historical & sociological studies of Japanese immigration & assimilation /  |c Edited by Hilary Conroy [and] T. Scott Miyakawa. 
264 1 |a Santa Barbara, Calif. :  |b American Bibliographical Center-Clio Press,  |c [1972] 
300 |a xvii, 322 pages :  |b illustrations ;  |c 23 cm. 
336 |a text  |b txt  |2 rdacontent 
337 |a unmediated  |b n  |2 rdamedia 
338 |a volume  |b nc  |2 rdacarrier 
650 0 |a Japanese  |z United States. 
651 0 |a United States  |x Emigration and immigration. 
700 1 |a Miyakawa, Tetsuo Scott. 
999 |a MARS 
999 f f |s b525c8f5-1276-3a3f-a637-870a2fcbdc41  |i f52e78fb-551e-3be8-81da-9ac7b5c73fbc  |t 0 
952 f f |p ric  |a Texas A&M University  |b Rellis Campus  |c Joint Library Facility  |d Remote Storage  |t 0  |e E184.J3 C66 1972  |h Library of Congress classification  |i unmediated -- volume  |m A14802179967 
998 f f |a E184.J3 C66 1972  |t 0  |l Remote Storage